|
|
|
|
| LEADER |
01120nem a2200325 a 4500 |
| 001 |
000538189 |
| 003 |
CZ BrMZK |
| 005 |
20071001130941.0 |
| 008 |
010907s2000 xr f cze d |
| 015 |
|
|
|a cnb000985160
|
| 020 |
|
|
|a 80-7233-043-8
|
| 035 |
|
|
|a (OCoLC)320380504
|
| 040 |
|
|
|a BOA001
|b cze
|
| 043 |
|
|
|a e-xr---
|b e-xr-pg
|2 czenas
|
| 072 |
|
7 |
|a 913(4)
|x Geografie Evropy, reálie, cestování
|2 Konspekt
|9 7
|
| 080 |
|
|
|a 913(437.311)
|2 MRF
|
| 080 |
|
|
|a 912.43:911.375
|2 MRF
|
| 080 |
|
|
|a (084.3)
|2 MRF
|
| 245 |
0 |
0 |
|a Praha :
|b [plán města]
|h [kartografický dokument] /
|c [vedoucí kartograf Jaroslav Pašek]
|
| 250 |
|
|
|a 4. přeprac. vyd.
|
| 255 |
|
|
|a 1:20 000
|
| 260 |
|
|
|a Praha :
|b Žaket,
|c 2000
|
| 300 |
|
|
|a 79 s. :
|b barev. mp. ;
|c 23 cm
|
| 500 |
|
|
|a Podnáz. též angl., něm., franc. a ital.
|
| 655 |
|
7 |
|a plány měst
|7 fd133027
|2 czenas
|
| 651 |
|
7 |
|a Praha (Česko)
|7 ge118011
|2 czenas
|
| 700 |
1 |
|
|a Pašek, Jaroslav,
|d 1970-
|7 jo2005274107
|
| 910 |
|
|
|a BOA001
|b Mp2-1078.681
|
| 990 |
|
|
|a MP
|
| 996 |
6 |
|
|b 2610124122
|c Mp2-1078.681
|l MZK
|r Sklad / do 1 hodiny
|n 1
|p p.v.
|w 000538189
|u 000010
|a 1
|e BOA001
|j MZK50
|s P
|